00222nam a22000977a 4500003000400000082000800004100001900012245005800031260002700089300000800116SGT bHAR aHARLEN, WYNNE  aUNESCO SOURCE BOOK FOR SCIENCE IN THE PRIMARY SCHOOL  aFRANCE bUNESCO c1994 a270